100 propuestas para la posglobalización : (Registro nro. 62412)

Detalles MARC
000 -LEADER
campo de control de longitud fija 01044nam a2200325 c 4500
001 - NÚMERO DE CONTROL
campo de control PE-LiUPU
003 - IDENTIFICADOR DE NÚMERO DE CONTROL
campo de control PE-LiUPU
005 - FECHA Y HORA DE LA ÚLTIMA TRANSACCIÓN
campo de control 20240509170751.0
008 - DATOS DE LONGITUD FIJA--INFORMACIÓN GENERAL
campo de control de longitud fija 181015s2018 sp | |||| 000 0 spa
015 ## - NÚMERO DE BIBLIOGRAFÍA NACIONAL
Número de bibliografía nacional MON18
017 ## - NÚMERO DE COPYRIGHT O DE DEPÓSITO LEGAL
Número de copyright o de depósito legal M 12047-2018
Agencia que asigna Oficina Depósito Legal Madrid
020 ## - NÚMERO INTERNACIONAL ESTÁNDAR DEL LIBRO
Número Internacional Estándar del Libro 9788490521472
035 ## - NÚMERO DE CONTROL DEL SISTEMA
Número de control de sistema (OCoLC)1117415544
040 ## - FUENTE DE CATALOGACIÓN
Centro catalogador/agencia de origen PE-LiUPU
Lengua de catalogación spa
Centro/agencia transcriptor PE-LiUPU
Normas de descripción rda
080 ## - NÚMERO DE LA CLASIFICACIÓN DECIMAL UNIVERSAL
Número de la Clasificación Decimal Universal 316.74:001
080 ## - NÚMERO DE LA CLASIFICACIÓN DECIMAL UNIVERSAL
Número de la Clasificación Decimal Universal 330.341:001
082 ## - NÚMERO DE LA CLASIFICACIÓN DECIMAL DEWEY
Número de edición 23
Número de clasificación 330
Cutter G6381
100 1# - ENTRADA PRINCIPAL--NOMBRE DE PERSONA
Nombre de persona Goñi Zabala, Juan José
Relación autor
Número de control del registro de autoridad o número normalizado XX1416088
245 10 - MENCIÓN DEL TÍTULO
Título 100 propuestas para la posglobalización :
Resto del título Exonomía, nuevos tiempos, nuevos conceptos /
Mención de responsabilidad, etc. Juan José Goñi Zabala
246 13 - FORMA VARIANTE DEL TITULO
Título propio/Titulo breve Cien propuestas para la posglobalización
264 ## - PRODUCCIÓN, PUBLICACIÓN, DISTRIBUCIÓN, FABRICACIÓN Y COPYRIGHT
Producción, publicación, distribución, fabricación y copyright Madrid :
Nombre del de productor, editor, distribuidor, fabricante Díaz de Santos ;
Fecha de producción, publicación, distribución, fabricación o copyright 2018.
300 ## - DESCRIPCIÓN FÍSICA
Extensión 427 páginas :
Dimensiones 22 centímetros,
500 ## - NOTA GENERAL
Nota general Incluye apéndice documental
650 #7 - PUNTO DE ACCESO ADICIONAL DE MATERIA--TÉRMINO DE MATERIA
Término de materia o nombre geográfico como elemento de entrada Sociología del conocimiento
Fuente del encabezamiento o término embne
650 #7 - PUNTO DE ACCESO ADICIONAL DE MATERIA--TÉRMINO DE MATERIA
Término de materia o nombre geográfico como elemento de entrada Economía del conocimiento
Fuente del encabezamiento o término embne
901 ## - ELEMENTOS DE DATOS A LOCAL LDA (RLIN)
a "ISBN"
901 ## - ELEMENTOS DE DATOS A LOCAL LDA (RLIN)
a MON1811
942 ## - ELEMENTOS DE ENTRADA SECUNDARIOS (KOHA)
Fuente del sistema de clasificación o colocación Clasificación Decimal Dewey
Tipo de ítem Koha Libros físicos
Suprimir en OPAC No
956 ## - LOCALIZACIÓN Y ACCESO ELECTRÓNICOS LOCAL (OCLC)
Nombre del host 2
980 ## - EQUIVALENCIA O REFERENCIA-CRUZADA-MENCIÓN DE SERIE--NOMBRE DE PERSONA/TÍTULO [LOCAL, CANADÁ]
ID del usuario creador del registro 18228
Nombre del creador del registro Christian Lazo Analista Documental
ID del último usuario que modificó el registro 18228
Nombre del último usuario que modificó el registro Christian Lazo Analista Documental

No hay ítems disponibles.